| 000 | 01661 a2200217 4500 | ||
|---|---|---|---|
| 001 | 30939 | ||
| 005 | 20260407155618.0 | ||
| 008 | 260407a1978 arg spa d | ||
| 003 | AR-UNSa-BCEJYS | ||
| 040 |
_aAR-UNSa-BCEJYS _bspa _cAR-UNSa-BCEJYS |
||
| 080 |
_a657 _xContabilidad |
||
| 245 | 1 | 0 | _aManual de contabilidad de las entidades locales |
| 020 | _a84-7088-216-3 | ||
| 264 | 1 |
_aMadrid : _bInstituto de Estudios de Administración Local _c1978 |
|
| 300 |
_a588 p. _c24 cm. |
||
| 505 | _a1. Contabilidad administrativa local - 2. Esquema general de la contabilidad local - 3. Los ingresos locales - 4. Gastos locales - 5. Régimen de tesorería cobros - 6. Régimen de tesorería pagos en firme y a justificar - 7. Justificación de los pagos - 8. Régimen de tesorería movimientos inversos - 9. Mandamientos de cobros y pagos - 10. Instrumentos registrales de contabilidad de derechos y obligaciones - 11. Instrumentos registrales de contabilidad de cobros y pagos - 12. Instrumentos registrales de cobros y pagos y otros - 13. Contabilidad especifica de recaudación - 14. Contabilidad de operaciones de crédito - 15. La contabilidad local integrada - 16. Contabilidad administrativa presuntiva - 17. Mecanización contable - 18. Automación contable - 19. Problemas contables en la administración local - 20. Coste y rendimiento de los servicios locales - 21. Manual de normas para la obtención de los costes de los servicios públicos locales - 22. Contabilidad crítica local - 23. Contabilidad administrativa local práctica | ||
| 041 | _aspa | ||
| 942 | _cBK | ||
| 590 | _aniveau_biblio:m niveau_hierar:0 | ||
| 100 | 1 | _aDominguez Alonso, Manuel | |
| 999 |
_c2145 _d2145 |
||